Library Manual / (Record no. 9080)
[ view plain ]
| 000 -LEADER | |
|---|---|
| fixed length control field | 00322cam a2200133ua 4500 |
| 020 ## - INTERNATIONAL STANDARD BOOK NUMBER | |
| ISBN | 0-7069-2950-0 |
| 082 ## - DEWEY DECIMAL CLASSIFICATION NUMBER | |
| Classification number | 025 |
| Item number | KRI/LI |
| 100 ## - MAIN ENTRY--AUTHOR NAME | |
| Personal name | Krishan, Kumar . |
| 245 ## - TITLE STATEMENT | |
| Title | Library Manual / |
| 250 ## - EDITION STATEMENT | |
| Edition statement | 4 th Rev |
| 260 ## - PUBLICATION, DISTRIBUTION, ETC. (IMPRINT) | |
| Place of publication | New Delhi : |
| Name of publisher | Vikas Publishing House Pvt Ltd |
| Year of publication | 2006. |
| 300 ## - PHYSICAL DESCRIPTION | |
| Number of Pages | 386 ; . |
| 942 ## - ADDED ENTRY ELEMENTS (KOHA) | |
| Koha item type | Books |
| Withdrawn status | Lost status | Damaged status | Home library | Current library | Date acquired | Full call number | Accession Number | Koha item type | Shelving location | Source of acquisition | Cost, normal purchase price |
|---|---|---|---|---|---|---|---|---|---|---|---|
| KAUAET | KAUAET | 09/03/1987 | 025 KRI/LI | 16001 | Books | ||||||
| KAUAET | KAUAET | 07/04/2012 | 025 KRI/LI | BB 93 | Book Bank scheme for SC students | Scheme | Penta Books. | 160.00 | |||
| KAUAET | KAUAET | 07/04/2012 | 025 KRI/LI | BB 92 | Book Bank scheme for SC students | Scheme | Penta Books. | 160.00 |
